Normal view
MARC view
- European Committee for Standardization
Entry Corporate Name
001 - CONTROL NUMBER
- control field: 5990
003 - CONTROL NUMBER IDENTIFIER
- control field: OSt
005 - DATE AND TIME OF LATEST TRANSACTION
- control field: 20190806150248.0
008 - FIXED-LENGTH DATA ELEMENTS
- fixed length control field: 111121n| acannaabn |n ana d
040 ## - CATALOGING SOURCE
- Original cataloging agency: OSt
- Transcribing agency: OSt
110 2# - HEADING--CORPORATE NAME
- Corporate name or jurisdiction name as entry element: European Committee for Standardization
670 ## - SOURCE DATA FOUND
- Source citation: Accessibility to public procurement in the built environment, 2009